000 00226nam a22001217a 4500
040 _cSK
082 _a604
100 _aMAYOCK F. B.
245 _aTechnical Drawing
260 _aRUA
_bMAY
_c1993
300 _a88p.
942 _cEK
999 _c8738
_d8738